| 000 | 00835nam a22002057a 4500 | ||
|---|---|---|---|
| 999 |
_c6121 _d6121 |
||
| 005 | 20260303081847.0 | ||
| 008 | 260303b ||||| |||| 00| 0 eng d | ||
| 020 | _a9781407185385 | ||
| 040 | _cKH8 | ||
| 082 | _a579 ARN | ||
| 100 |
_aARNOLD,NICK _eAUTHOR |
||
| 245 | _aHorrible Science Danger Microscopic Monsters | ||
| 260 |
_a1 London Bridge,London SE1 9BG _bScholastic _c2018 |
||
| 300 |
_a204 pages _bb illustration _c13cm x 19cm |
||
| 520 | _aChildren will laugh and learn as they explore the weird side of science with the Horrible Science Series. How do vampire bats suck blood? What makes stink bombs stink? These are just a few of the questions that are answered in this wacky science fact series. | ||
| 650 | _aJuvenile Literature | ||
| 655 | _aScience | ||
| 700 |
_aDe Saulles,Tony _eiLLUSTRATOR |
||
| 942 |
_2ddc _cNFIC |
||